Datum a čas kvízu
29
Celkem bodů
Celkový počet nahraných bodů na tomto kvízu bez doplňovacích otázek.
5.
Pořadí na kvízu
Konečné umístění týmu na tomto kvízu.
Zaznamenané odpovědi
| # | Otázka | Odpověď | Body | Výsledky |
|---|---|---|---|---|
| 1. | Minulý týden jsme sledovali po... | v Turecku | 1 | |
| 2. | Která známá sladká pochutina s... | Nutella | 1 | |
| 3. | Kterému rapperovi byl zakázán... | Kanyemu Westovi | 1 | |
| 4. | Americký Federální úřad pro le... | A | 0 | |
| 5. | Který úspěšný plavec se stal m... | David Kratochvíl | 0 | |
| 6. | Vaším prvním úkolem v dnešním... | 1B 2C 3D 4A | 1 | |
| 7. | Poznejte (parodii na) gangster... | Někdo to rád horké (Some Like It Hot) | 1 | |
| 8. | Italští herci Carlo Pedersoli... | Bud Spencer a Terence Hill | 1 | |
| 9. | Gangster, na kterého se ptáme,... | Jabba Hutt | 1 | |
| 10. | Uveďte jméno i příjmení postav... | John Wick | 1 |